| 000 | 00595nam a2200181Ia 4500 | ||
|---|---|---|---|
| 008 | 090123s9999 xx 000 0 und d | ||
| 082 |
_b13316 _a923.254/पाध्ये |
||
| 100 | _aपाध्ये भाऊ | ||
| 245 | _aसजती है युही मैफल | ||
| 250 | _a1 | ||
| 260 |
_bकर्णिक सुनिल _c1981 |
||
| 300 | _a126 | ||
| 600 | _aपाध्ये भाऊ | ||
| 630 | _aसजती है युही मैफल | ||
| 700 | _aपाध्ये भाऊ | ||
| 730 | _aसजती है युही मैफल | ||
| 942 | _cBOOK | ||
| 999 |
_c51378 _d51378 |
||